Responses for show #3160 - Friday, May 1, 1998

1998 Celebrity Invitational game 5.

Contestants

[<< previous game]

Jerry Orbach, from Law & Order

Cheech Marin, from Nash Bridges

Mark McEwen, from CBS This Morning

[next game >>]

Jeopardy! Round responses

U.S. PRESIDENTS
KISS YOUR LASS GOODBYE
LITERATURE
UP IN SMOKE
(Alex: Cheech, easy!)
AND THE AWARD GOES TO...
FILE UNDER "P"
    $100 1
Theodore Roosevelt

Mark
    $100 6
"Little Women"

Mark
    $100 8
Chicago

Cheech
    $100 7
Eddie Murphy

Cheech
    $200 2
Thomas Jefferson

Cheech
    $200 10
Rudyard Kipling

Mark
    $200 9
(Mark: What is San Francisco?)

London

MarkJerry
    $200 15
Hugh Downs

Cheech
    $200 20
Peacock

Cheech
    $300 3
Richard Nixon

Cheech
    $300 25
Count Dracula

Mark
    $300 14
"Wuthering Heights"

Mark
    $300 16
San Francisco

Mark
    $300 13
(Mark: Who is Aquinos?)

Corazon Aquino

MarkJerry
    $300 19
Punch

Cheech
    $500 4
(Cheech: Who was Woodrow Wilson?)

Ulysses S. Grant

Cheech
    $400 22
"Don Quixote"

Cheech
    $400 21
(Alex: And we have less than a minute to go...)

The Towering Inferno

Jerry
    $400 12
Economics

Cheech
    $400 18
Pandora's box

Mark
    $500 5
(Mark: Who is....[Times-up sound] [*]?)
(Alex: You ran out of time.)

Andrew Jackson

MarkJerry
    $500 26
[The end-of-round signal sounds.]

The English Patient

Cheech
    $500 23
"War and Peace"

Cheech
    $500 24
Achille Lauro

Cheech
    $500 11
Pablo Casals

Cheech
    $500 17
Proletariat

Mark

Scores at the first commercial break (after clue 8):

Mark Cheech Jerry
-$300 $200 $500

Scores at the end of the Jeopardy! Round:

Mark Cheech Jerry
$1,200 $3,700 $1,400

Double Jeopardy! Round responses

WALL STREET
MUSICAL THEATER
THE 19th CENTURY
C'EST PARIS
JUMBO JOCKS
"ODD"PODGE
    $200 7
Asia

Mark
    $200 3
Rent

Mark
    $200 23
Waterloo

Mark
    $200 11
Arc de Triomphe

Jerry
    $200 1
Karl Malone

Mark
    $200 16
Fodder

Cheech
    $400 8
Dow Jones Industrial Average

Mark
    $400 10
Cabaret

Cheech
    $400 24
Victoria

Cheech
    $400 17
Notre Dame

Mark
    $400 2
(Cheech: Who is...[time]?)

George Foreman

CheechJerry
    $400 18
Roddy McDowall

Mark
    $600 9
Option

Jerry
    $600 12
Sunset Boulevard

Cheech
    $600 26
(Alex: We have about a minute to go, gentlemen!)

Athens, Greece

Mark
    $600 25
Seine River

Mark
    $600 4
Reggie White

Mark
    $600 19
Christopher Dodd

Jerry
    $800 14
(Mark: Obviously, we're not in it!)

Fidelity Magellan

Triple Stumper
    $800 13
Cole Porter

Mark
    $800 27
Underground Railroad

Cheech
    $800 28
The Sorbonne

Mark
    $800 5
(Cheech: What is Mr. America?)
(Mark: What is Mr. Universe?)
(Jerry: What is Mr. World?)

Mr. Olympia

MarkCheechJerry
Triple Stumper
    $800 21
Oddjob

Cheech
    $1000 15
Poison pill

Mark
    $2,400 20
1776

Jerry
    $1000 29
(Jerry: What is a tunnel?)
[The end-of-round signal sounds.]

the Panama Canal

Jerry
Triple Stumper
    $1000 6
Sumo wrestling

Mark
    $1000 22
Mike Todd

Mark

Scores at the end of the Double Jeopardy! Round:

Mark Cheech Jerry
$8,800 $5,700 $3,800

[wagering suggestions for these scores]

Final Jeopardy! Round responses

WORDS
JerryWhat is the wishbone?
$3,800
CheechWhat is the com
$5,700
MarkWhat is the wishbone?
$3,000
Wishbone

Final scores:

Mark Cheech Jerry
$11,800 $0 $7,600
Winner: $15,000 for the Community Services for Autistic Adults & Children 3rd place: $10,000 for the Lo Cenzontles Mexican Arts Center 2nd place: $10,000 for The Bide-A-Wee Home Association, Inc., The Animal Medical Center, and the Berkshire Humane Society

Game dynamics:

Coryat scores:

Mark Cheech Jerry
$8,800 $6,200 $2,400
23 R
(including 1 DD),
4 W
19 R,
3 W
(including 1 DD)
9 R
(including 1 DD),
2 W

Combined Coryat: $17,400

The J! Archive is created by fans, for fans. Scraping, republication, monetization, and malicious use prohibited; this site may use cookies and collect identifying information. See terms. The Jeopardy! game show and all elements thereof, including but not limited to copyright and trademark thereto, are the property of Jeopardy Productions, Inc. and are protected under law. This website is not affiliated with, sponsored by, or operated by Jeopardy Productions, Inc. Join the discussion at JBoard.tv.